000 00639nam a2200181Ia 4500
008 090124s9999 xx 000 0 und d
082 _b26372
_a505
100 _aघाणेकर मधुसुदन
245 _a वैवाहिक जिवन व ग्रहविचार
250 _a1
260 _c1990
300 _a80
600 _aघाणेकर मधुसुदन
630 _a वैवाहिक जिवन व ग्रहविचार
700 _aघाणेकर मधुसुदन
730 _a वैवाहिक जिवन व ग्रहविचार
942 _cBOOK
999 _c139845
_d139845